Online katalóg knižníc regiónu Turca

Zober ma so sebou (Record no. 22507)

MARC details
000 -LEADER
fixed length control field 01209cam a2200361 a 4500
001 - CONTROL NUMBER
control field 22507
003 - CONTROL NUMBER IDENTIFIER
control field SK-KTurca
005 - DATE AND TIME OF LATEST TRANSACTION
control field 20260330151216.0
008 - FIXED-LENGTH DATA ELEMENTS--GENERAL INFORMATION
fixed length control field 240318s2017 xo g 000 fdslo
015 ## - NATIONAL BIBLIOGRAPHY NUMBER
National bibliography number SNBA2018/03
020 ## - INTERNATIONAL STANDARD BOOK NUMBER
International Standard Book Number 9788081720291
Qualifying information (viaz.)
035 ## - SYSTEM CONTROL NUMBER
System control number urn:nbn:sk:snk-am00dgdx
035 ## - SYSTEM CONTROL NUMBER
System control number urn:nbn:sk:snk-am3i1dx
035 ## - SYSTEM CONTROL NUMBER
System control number 922BE4D0-49AD-4270-9DE5-D4A02C266426
040 ## - CATALOGING SOURCE
Original cataloging agency TTKJF
Language of cataloging slo
Transcribing agency TTKJF
Modifying agency SNK
Description conventions AACR2
041 1# - LANGUAGE CODE
Language code of text/sound track or separate title slo
Language code of original eng
044 ## - COUNTRY OF PUBLISHING/PRODUCING ENTITY CODE
MARC country code xo
ISO country code SK
072 #7 - SUBJECT CATEGORY CODE
Subject category code 821.111(73)-3
Subject category code subdivision Americká próza
Source konspekt
080 ## - UNIVERSAL DECIMAL CLASSIFICATION NUMBER
Universal Decimal Classification number 821.111(73)-31
Edition identifier 2011
100 1# - MAIN ENTRY--PERSONAL NAME
Personal name Hyde, Catherine Ryan,
Dates associated with a name 1955-
Relationship aut
240 10 - UNIFORM TITLE
Uniform title Take me with you
Language of a work Slovensky
245 10 - TITLE STATEMENT
Title Zober ma so sebou
Remainder of title jedno leto a jedna cesta, ktorá zmení životy
Statement of responsibility, etc. Catherine Ryan Hydeová ; [preklad Jozef Klinga]
260 ## - PUBLICATION, DISTRIBUTION, ETC.
Place of publication, distribution, etc. [Bratislava]
Name of publisher, distributor, etc. Aktuell
Date of publication, distribution, etc. 2017
300 ## - PHYSICAL DESCRIPTION
Extent 343 s.
Dimensions 22 cm
500 ## - GENERAL NOTE
General note Miesto vydania podľa ISBN
500 ## - GENERAL NOTE
General note Preložené z anglického originálu
500 ## - GENERAL NOTE
General note Biografické údaje
655 #7 - INDEX TERM--GENRE/FORM
Genre/form data or focus term americké romány
Source of term SNKPH
655 #7 - INDEX TERM--GENRE/FORM
Genre/form data or focus term American fiction
Source of term SNKPHeng
700 1# - ADDED ENTRY--PERSONAL NAME
Personal name Klinga, Jozef
Relationship trl
942 ## - ADDED ENTRY ELEMENTS (KOHA)
Source of classification or shelving scheme Dewey Decimal Classification
Koha item type Krásna literatúra pre dospelých
Suppress in OPAC No
Holdings
Stav vyradenia Strata Poškodenie Spôsob nadobudnutia Domovská knižnica Aktuálna knižnica Dátum nadobudnutia Total checkouts Čiarový kód exemplára Date last seen Typ exemplára
      Dar Obecná knižnica Horná Štubňa Obecná knižnica Horná Štubňa 30.03.2026   9788081720291 30.03.2026 Krásna literatúra pre dospelých
      Dar Obecná knižnica Turčianska Štiavnička Obecná knižnica Turčianska Štiavnička 29.04.2026   4738001116 29.04.2026 Krásna literatúra pre dospelých
Projekt je podporený Slovenskou asociáciou knižníc
Prevádzkuje Turčianska knižnica Martin 2026